Primeiras palavras (Registo nº 32080)

Detalhes MARC
000 -Etiqueta do registo
Valores 00668nam a2200241 4500
010 ## - Número ISBN
ISBN 9789724750491
021 ## - Número do Depósito Legal
-- PT
Número 398770/15
090 ## -
-- 32080
100 ## - Dados gerais de processamento
Dados gerais 20160315d2016 b y0pory50030103ba
101 1# - Língua de publicação
-- por
102 ## - País de publicação
-- PT
200 1# - Titulo e menção de responsabilidade
Título próprio Primeiras palavras
Primeira menção de responsabilidade Dawn Sirett
205 ## - Menção da edição
Edição 1ª ed.
210 ## - Publicação
Local de publicação Lisboa
Nome do editor Texto
Data de publicação 2016
215 ## - Descrição física 
Paginação / Volumes [14] p. cartonadas
Outras indicações físicas il.
Dimensões 13 x 13 cm
225 2# - Colecção 
Título próprio da colecção Sophie la girafe
675 ## - CDU
Notação 087.5
-- 2104
700 ## - Autor principal (pessoa individual)
Apelido Sirett
Nome Dawn
-- 070
ID Autoridade 3635
712 ## - Autor secundário (colectividade)
ID Autoridade 3396
Nome da entidade Texto Editores
-- 730
801 #0 - Fonte de origem
País PT
Agência BN
Regras de catalogação RPC
856 41 - Localização e acesso electrónico 
URL <a href="http://rnod.bn.pt/ImagesBN/winlibimg.aspx?skey=&doc=1925238&img=74212&save=true">http://rnod.bn.pt/ImagesBN/winlibimg.aspx?skey=&doc=1925238&img=74212&save=true</a>
990 ## - Elementos KOHA
Tipo de documento Livro
Exemplares
Situação do levantamento Estado Biblioteca de origem Biblioteca de empréstimo Código de barras Cota Permissão de empréstimo Tipo de documento Nota relativa ao exemplar
  Completo Biblioteca Municipal de Viana Do Alentejo Biblioteca Municipal de Viana Do Alentejo 0031789 087.5 SIR Disponível Livro 0-5 anos




Powered by Koha